Immigration by Country in Greece - Statistics

General Stats
  • This quiz has been taken 993 times
  • The average score is 11 of 16
Answer Stats
Population Country % Correct
480,824 Albania
91%
75,915 Bulgaria
90%
15,386 United Kingdom
89%
13,807 Russia
84%
46,523 Romania
83%
14,446 Cyprus
77%
10,455 Egypt
76%
10,778 Germany
76%
17,006 Ukraine
73%
11,333 India
67%
34,177 Pakistan
66%
14,145 Poland
65%
10,391 Moldova
52%
27,400 Georgia
49%
11,076 Bangladesh
44%
9,804 Philippines
31%
No matching quizzes found
Score Distribution
Percent of People with Each Score
Percentile by Number Answered
Your Score History
You have not taken this quiz